Plantas crasas; cultivo, tratamiento, cuidados /

Guardado en:
Autor Principal: Fici, Ana María
Formato: Libro
Publicado: Barcelona : De Vecchi, 1978
Edición:3a. ed.
Materias:
Etiquetas: Agregar Etiqueta
Sin Etiquetas, Sea el primero en etiquetar este registro!
LEADER 00576nam a22001935a 4500
001 CEM.cems015869
008 130507s1978##################000#0#####d
005 20210825183015.0
003 CEMS
245 1 0 |a Plantas crasas; cultivo, tratamiento, cuidados /  |c Ana María Fici, 
250 |a 3a. ed. 
260 |a Barcelona :  |b De Vecchi,  |c 1978 
300 |a 143 p. 
505 0 |a Familia de las gramíneas.-Descripción. 
100 1 |a Fici, Ana María 
082 0 4 |a 583.47 
653 |a Botanica 
653 |a Plantas crasas 
859 |a CEMS  |b BIB. CEMS - Agricultura  |h 583.47  |i F445a3  |p A10953.82  |t Ej.1